Loading...
Other Academic | 0 | 2 | 0 | 0 | 20 | 87 | 105.00 | 0 | 0 |
Geography | 1 | 0 | 0 | 0 | 15 | 15 | 15.00 | 1 | 1 |
History - World History | 0 | 2 | 1 | 1 | 15 | 126 | 137.00 | 0 | 0 |
Social Science | 0 | 1 | 0 | 0 | 10 | 99 | 99.00 | 0 | 1 |
Fine Arts - Classical Music | 0 | 1 | 0 | 0 | 10 | 128 | 128.00 | 0 | 1 |
Fine Arts - Painting and Sculpture | 0 | 1 | 0 | 0 | 10 | 128 | 128.00 | 0 | 1 |
Science - Chemistry | 0 | 1 | 0 | 0 | 10 | 115 | 115.00 | 0 | 1 |
Science - Other Science | 0 | 1 | 0 | 0 | 10 | 98 | 98.00 | 0 | 0 |
Philosophy | 0 | 1 | 0 | 0 | 10 | 132 | 132.00 | 0 | 0 |
Science - Biology | 0 | 1 | 0 | 0 | 10 | 144 | 144.00 | 0 | 0 |
Fine Arts - Other Fine Arts | 0 | 0 | 0 | 0 | 0 | 0.00 | 0 | 0 | |
Current Events | 0 | 0 | 1 | 0 | -5 | 0.00 | 0 | 0 |